Derecho penal : conforme al Código Penal, texto refundido de 1963 : parte especial /

Contiene: Clasificación de los delitos; Delitos contra la seguridad exterior del Estado; Delitos contra la seguridad interior del Estado; Falsedades; Falsificación de documentos; Delitos contra la administración de justicia; Infracción de las leyes sobre inhumaciones; Delitos contra la salud pública...

Descripción completa

Guardado en:
Detalles Bibliográficos
Autor principal: Cuello Calón, Eugenio (autor)
Formato: Libro
Idioma:Español
Publicado: Barcelona, España : Bosch, 1967, c1967
Edición:12a edición
Temas:
Etiquetas: Agrega una etiqueta
Sin etiquetas, Sé el primero en etiquetar este registro!

MARC

LEADER 00000nam^a2200000^a^4500
001 000183793
005 20250521000000.0
009 20260310102051.619
037 |a Acervo ITESO - Biblioteca 
041 |a ESP 
082 |a 345. 46  |b CUE V. 2 
100 |a Cuello Calón, Eugenio  |e (autor) 
240 1 1 |a [Derecho penal] 
245 1 0 |a Derecho penal :  |b conforme al Código Penal, texto refundido de 1963 : parte especial /  |c E. Cuello Calón ; adaptación de César Camargo Hernández. 
250 |a 12a edición 
264 4 |a Barcelona, España :  |b Bosch,  |c 1967, c1967 
300 |a 421-1003 p. 
336 |a texto  |b txt  |2 rdacontenido 
337 |a sin mediación  |b n  |2 rdamedio 
338 |a volumen  |b nc  |2 rdasoporte 
520 |a Contiene: Clasificación de los delitos; Delitos contra la seguridad exterior del Estado; Delitos contra la seguridad interior del Estado; Falsedades; Falsificación de documentos; Delitos contra la administración de justicia; Infracción de las leyes sobre inhumaciones; Delitos contra la salud pública; Juegos ilícitos; Delitos de los funcionarios públicos; Delitos contra las personas; Delitos contra la honestidad; Delitos contra el honor; Delitos contra el estado civil de las personas; Delitos contra la libertad y seguridad; Delitos contra la propiedad; Disposiciones comunes a las faltas; Faltas de imprenta y contra el orden público. 
649 |a XX 
650 |a Delitos -  |z España -  |x Leyes y Reglamentos 
650 |a Derecho Penal -  |z España -  |x Leyes y Reglamentos 
650 |a Derecho Penal -  |z España 
650 |a Derecho Público -  |z España 
910 |a Fondo General 
920 |a Impresos - Libros 
930 |a Colección General 
905 |a 101 
901 |a 0500124530  |b IT1  |c ACC  |u 20250521 
902 |a https://opac.biblio.iteso.mx/vufind/Record/000183793